[Event "From Gambit - The answer to f4?"]
[Site "SchemingMind.com"]
[Date "2006.07.22"]
[Round "-"]
[White "crab hamster"]
[Black "colonia"]
[Result "1-0"]
[WhiteCountry "USA"]
[BlackCountry "GER"]
[WhiteElo "2110"]
[WhiteRD "94"]
[BlackElo "2144"]
[BlackRD "81"]
[GameID "60591"]

1. f4 e5 2. fxe5 d6 3. exd6 Bxd6 4. Nf3 g5 5. d4 g4 6. Ne5 Bxe5 7. dxe5 Qxd1+ 8. Kxd1 Nc6 9. Bf4 Be6 10. e4 O-O-O+
11. Nd2 a6 12. Kc1 Nge7 13. h3 gxh3 14. gxh3 h6 15. Nf3 Ng6 16. Bh2 Rhe8 17. a4 Bd7 18. Bg3 Ncxe5 19. Nxe5 Nxe5 20. Bh4 Bc6
21. Bxd8 Bxe4 22. Rg1 Kxd8 23. Ra3 f5 24. Re3 Re6 25. Rc3 Re7 26. Bg2 Bxg2 27. Rxg2 f4 28. Rg8+ Kd7 29. Rf8 f3 30. Rf6 c6
31. a5 Rg7 32. Kd2 Rg1 33. Rc5 Rg2+ 34. Ke1 Re2+ 35. Kf1 Re4 36. b3 h5 37. Rh6 h4 38. Rc3 Ke7 39. Rh7+ Kf6 40. Rxb7 Rd4
41. Rh7 Rd1+ 42. Kf2 Rd2+ 43. Ke1 Re2+ 44. Kf1 Rh2 45. Rxh4 Kg5 46. Re4 Kf5 47. Rce3 Nf7 48. Re8 Ng5 49. Rf8+ Kg6 50. Re5 Rh1+
51. Kf2 Nxh3+ 52. Kg3 f2 53. Ref5 Ng5 54. Kg2 Ra1 55. Rxf2 Rxa5 56. R8f6+ Kg7 57. Rxc6
1-0

[Event "From Gambit - The answer to f4?"]
[Site "SchemingMind.com"]
[Date "2006.07.22"]
[Round "-"]
[White "colonia"]
[Black "crab hamster"]
[Result "1-0"]
[WhiteCountry "GER"]
[BlackCountry "USA"]
[WhiteElo "2170"]
[WhiteRD "80"]
[BlackElo "2099"]
[BlackRD "95"]
[GameID "60592"]

1. f4 e5 2. fxe5 d6 3. exd6 Bxd6 4. Nf3 Nf6 5. d4 O-O 6. g3 c5 7. dxc5 Bxc5 8. Qxd8 Rxd8 9. Bg5 Nc6 10. c3 Re8
11. Bxf6 gxf6 12. Nbd2 Bg4 13. h3 Bh5 14. Bg2 Rad8 15. Nb3 Bb6 16. g4 Bg6 17. Rd1 Be4 18. Rxd8 Rxd8 19. Nh4 Bc2 20. e3 Bxe3
21. Nf5 Bxf5 22. gxf5 Re8 23. Kd1 Re5 24. Rf1 Ne7 25. Bxb7 Nxf5 26. Kc2 Bb6 27. Kd3 Nd6 28. Bf3 Re3+ 29. Kc2 f5 30. a4 Kf8
31. a5 Bc7 32. a6 Bb6 33. Nd2 Ke7 34. Kb3 f4 35. Nc4 Nxc4 36. Kxc4 Kf6 37. h4 h6 38. Kb4 Kf5 39. c4 Bd4 40. b3 f6
41. c5 Rc3 42. c6 Ke5 43. Bh1 Rc2 44. Re1+ Be3 45. Rd1 Bd4 46. Rd3 f5 47. Kb5 Rc5+ 48. Ka4 Rc1 49. Bf3 Rb1 50. b4 Ra1+
51. Kb5 Rc1 52. h5 Bb6 53. Rd5+ Ke6 54. Rd7 Rc3 55. Bd5+ Ke5 56. Bc4 f3 57. c7 Bxc7 58. Rxc7 f2 59. Rc5+ Kf4 60. Bf1 Rb3
61. Rd5 Rb1 62. Bd3 Ke3 63. Rxf5 Rh1 64. Bc4 Kd4 65. Rxf2 Rxh5+ 66. Ka4 Kxc4 67. Rc2+ Kd4 68. Rc7 Rh2 69. Rxa7 Ra2+ 70. Kb5 Kc3
71. Rc7+ Kb3 72. a7 h5 73. Rf7 Kc3 74. Kc5
1-0

[Event "From Gambit - The answer to f4?"]
[Site "SchemingMind.com"]
[Date "2006.07.25"]
[Round "-"]
[White "Gambit13"]
[Black "crab hamster"]
[Result "0-1"]
[WhiteCountry "USA"]
[BlackCountry "USA"]
[WhiteElo "1850"]
[WhiteRD "101"]
[BlackElo "2099"]
[BlackRD "95"]
[GameID "61035"]

1. f4 e5 2. fxe5 d6 3. exd6 Bxd6 4. Nf3 Nf6 5. d4 O-O 6. Nc3 Re8 7. Bg5 h6 8. Bxf6 Qxf6 9. e4 Bb4 10. e5 Qc6
11. Qd2 Bg4 12. Be2 Nd7 13. O-O Nb6 14. a3 Bxc3 15. Qxc3 Qxc3 16. bxc3 Nd5 17. c4 Nc3 18. Bd3 Rad8 19. d5 Bxf3 20. Rxf3 Rxe5
21. Rf5 Rxf5 22. Bxf5 Re8 23. Bd3 g6 24. Kf2 a5 25. g3 Kf8 26. Kf3 c6 27. dxc6 bxc6 28. h3 Re5 29. g4 c5 30. a4 Re6
31. Kf2 Kg7 32. Ra3 Ne4+ 33. Kf3 Ng5+ 34. Kg2 Re3 35. Rb3 Nxh3 36. Rb5 Kf6 37. Rxc5 Nf4+ 38. Kf2 Re5 39. Rb5 Ne6 40. Rb6 Kg5
41. Kf3 Nd4+ 42. Kf2 Kxg4 43. Bxg6 fxg6 44. Rxg6+ Kh5 45. Rd6 Nxc2 46. Rd5 Rxd5 47. cxd5 Nb4 48. d6 Kg4 49. Ke3 Nd5+ 50. Kd4 Nf6
51. Kc5 h5 52. Kb5 h4 53. Kxa5 h3
0-1

[Event "From Gambit - The answer to f4?"]
[Site "SchemingMind.com"]
[Date "2006.07.25"]
[Round "-"]
[White "Gambit13"]
[Black "colonia"]
[Result "1/2-1/2"]
[WhiteCountry "USA"]
[BlackCountry "GER"]
[WhiteElo "1829"]
[WhiteRD "104"]
[BlackElo "2144"]
[BlackRD "81"]
[GameID "61036"]

1. f4 e5 2. fxe5 d6 3. exd6 Bxd6 4. Nf3 Nf6 5. d4 Ng4 6. Qd3 c5 7. Qe4+ Be6 8. Ng5 Bxh2 9. Nxe6 Qh4+ 10. Kd2 fxe6
11. Rxh2 Qg5+ 12. e3 Nxh2 13. Qxe6+ Kd8 14. Qd6+ Nd7 15. Qxh2 Rf8 16. Be2 cxd4 17. Bf3 Rxf3 18. gxf3 Qxe3+ 19. Kd1 Qxf3+ 20. Qe2 Qh1+
21. Qe1 Qh5+ 22. Qe2 Qh1+ 23. Qe1 Qh5+ 24. Qe2 Qh1+=
1/2-1/2

[Event "From Gambit - The answer to f4?"]
[Site "SchemingMind.com"]
[Date "2006.07.25"]
[Round "-"]
[White "crab hamster"]
[Black "Gambit13"]
[Result "1-0"]
[WhiteCountry "USA"]
[BlackCountry "USA"]
[WhiteElo "2110"]
[WhiteRD "94"]
[BlackElo "1829"]
[BlackRD "104"]
[GameID "61037"]

1. f4 e5 2. fxe5 d6 3. exd6 Bxd6 4. Nf3 g5 5. d4 g4 6. Ne5 Bxe5 7. dxe5 Qxd1+ 8. Kxd1 Nc6 9. Bf4 Be6 10. e4 O-O-O+
11. Nd2 h6 12. Bb5 Nge7 13. Rf1 Nd4 14. Ba4 b5 15. Bb3 Nxb3 16. axb3 Kb7 17. Kc1 Ng6 18. b4 Nxf4 19. Rxf4 Rd7 20. Ra5 a6
21. Ra3 Rhd8 22. Rf2 Rd4 23. c3 Rd3 24. Re2 h5 25. Kc2 h4 26. Ra1 h3 27. g3 R3d7 28. Rf1 Rg8 29. Rf4 Rg5 30. Nb3 Bxb3+
31. Kxb3 Re7 32. Rf5 Rg6 33. Ref2 Rge6 34. R2f4 Rxe5 35. Rxe5 Rxe5 36. Rxg4 f5 37. exf5 Rxf5 38. Rh4 Rf2 39. Rxh3 Rg2 40. Rh6 c6
41. Rh4 Kb6 42. g4
1-0

[Event "From Gambit - The answer to f4?"]
[Site "SchemingMind.com"]
[Date "2006.07.25"]
[Round "-"]
[White "colonia"]
[Black "Gambit13"]
[Result "1-0"]
[WhiteCountry "GER"]
[BlackCountry "USA"]
[WhiteElo "2144"]
[WhiteRD "81"]
[BlackElo "1829"]
[BlackRD "104"]
[GameID "61038"]

1. f4 e5 2. fxe5 d6 3. exd6 Bxd6 4. Nf3 g5 5. d4 g4 6. Ng5 f5 7. e4 h6 8. e5 Be7 9. Nh3 gxh3 10. Qh5+ Kf8
11. Bc4 Rh7 12. c3 Bg5 13. Bd2 hxg2 14. Rg1 Bxd2+ 15. Nxd2 Qg5 16. Qf3 Rg7 17. O-O-O c6 18. Rde1 Nd7 19. Re2 Nb6 20. Rexg2 Qxg2
21. Rxg2 Rxg2 22. Qxg2 Ne7 23. Qh3 Kg7 24. Qh4 Ned5 25. Bxd5 Nxd5 26. c4 Nb6 27. Qf6+ Kh7 28. e6 h5 29. Qxf5+ Kh6 30. Qf6+ Kh7
31. Ne4 a5 32. Ng5+
1-0

[Event "From Gambit - The answer to f4?"]
[Site "SchemingMind.com"]
[Date "2006.07.30"]
[Round "-"]
[White "Aumonde"]
[Black "Gambit13"]
[Result "1-0"]
[WhiteCountry "USA"]
[BlackCountry "USA"]
[WhiteElo "2167"]
[WhiteRD "62"]
[BlackElo "1852"]
[BlackRD "123"]
[GameID "61660"]

1. f4 e5 2. fxe5 d6 3. exd6 Bxd6 4. Nf3 g5 5. g3 g4 6. Nh4 Ne7 7. e3 Ng6 8. Ng2 h5 9. Bd3 Nc6 10. O-O Nce5
11. Be2 h4 12. d4 Nc6 13. Bc4 Rh7 14. Qd3 Qg5 15. Nxh4 Nb4 16. Qe4+ Kd8 17. a3 Rxh4 18. Bxf7 Rh6 19. Qe8#
1-0

[Event "From Gambit - The answer to f4?"]
[Site "SchemingMind.com"]
[Date "2006.07.30"]
[Round "-"]
[White "Aumonde"]
[Black "crab hamster"]
[Result "1/2-1/2"]
[WhiteCountry "USA"]
[BlackCountry "USA"]
[WhiteElo "2189"]
[WhiteRD "61"]
[BlackElo "2110"]
[BlackRD "94"]
[GameID "61662"]

1. f4 e5 2. fxe5 d6 3. exd6 Bxd6 4. Nf3 Nf6 5. d4 O-O 6. e3 c5 7. Be2 Nc6 8. O-O Qe7 9. Nc3 Rd8 10. Bd3 Bg4
11. d5 Nb4 12. Bc4 Bf5 13. Ne1 Bg6 14. a3 b5 15. Nxb5 Nbxd5 16. Nxd6 Rxd6 17. Qe2 Re6 18. Nf3 Rd8 19. Nh4 Bh5 20. Qf2 Qc7
21. Nf5 Bg6 22. b3 Qe5 23. Rb1 Ne4 24. Qh4 Rf6 25. Bxd5 Bxf5 26. Bc4 Nc3 27. Bb2 Rd2 28. Rf3 Rxc2 29. Bxc3 Rxc3 30. Rd1 h6
31. Qg3 Qxg3 32. hxg3 Bg4 33. Rd8+ Kh7 34. Rxf6 gxf6 35. Bxf7 Rxe3 36. Rd6 Kg7 37. Bc4 Kg6 38. Rc6 Rxg3 39. Rxc5 Bf5 40. Kf2 Rg5
41. Rc7 a5 42. b4 axb4 43. axb4 Be4 44. g3 Re5 45. b5 Bd5 46. Bxd5 Rxd5 47. b6 Rb5 48. b7 f5 49. Ke3 h5 50. Kd4 f4
51. gxf4 h4 52. Kc4 Rb1 53. Kc5 Kf5 54. Rf7+ Kg4 55. f5 h3 56. f6 Kg5 57. Rh7=
1/2-1/2

[Event "From Gambit - The answer to f4?"]
[Site "SchemingMind.com"]
[Date "2006.07.30"]
[Round "-"]
[White "Aumonde"]
[Black "colonia"]
[Result "1-0"]
[WhiteCountry "USA"]
[BlackCountry "GER"]
[WhiteElo "2191"]
[WhiteRD "64"]
[BlackElo "2170"]
[BlackRD "80"]
[GameID "61663"]

1. f4 e5 2. fxe5 d6 3. exd6 Bxd6 4. Nf3 Nf6 5. g3 Nc6 6. c3 h5 7. d4 h4 8. gxh4 Ng4 9. Qd3 Qe7 10. Bg5 f6
11. Bd2 Qf7 12. Bg2 Bd7 13. O-O O-O-O 14. Na3 Qh5 15. Nb5 Bxh2+ 16. Nxh2 Nxh2 17. Kxh2 Qxh4+ 18. Kg1 a6 19. Na3 Qh2+ 20. Kf2 Rh3
21. Rh1 Rxd3 22. Rxh2 Rxd2 23. Nc4 Rc2 24. Be4 Nxd4 25. Bxc2 Nxc2 26. Rg1 g5 27. Rc1 Be6 28. Na5 Bf5 29. Rh6 Re8 30. Rxf6 Ne3
31. Rf7 b6 32. Nb3 Ng4+ 33. Kg1 Bd7 34. Rd1 Bb5 35. Nd4 Ne3 36. Rc1 Bc4 37. Rg7 c5 38. b3 Bd5 39. c4 Bxc4 40. bxc4 cxd4
41. Rxg5 Kc7 42. Kf2 Kd6 43. Kf3 Kc6 44. c5 b5 45. Rg6+ Kd5 46. Rxa6 Nc4 47. c6 Rc8 48. Kf4 Rf8+ 49. Kg3 Rg8+ 50. Kf2 Rf8+
51. Ke1 Rc8 52. Rb1 Kc5 53. Rd1 b4 54. Rb1
1-0

[Event "From Gambit - The answer to f4?"]
[Site "SchemingMind.com"]
[Date "2006.07.30"]
[Round "-"]
[White "Gambit13"]
[Black "Aumonde"]
[Result "0-1"]
[WhiteCountry "USA"]
[BlackCountry "USA"]
[WhiteElo "1852"]
[WhiteRD "123"]
[BlackElo "2167"]
[BlackRD "62"]
[GameID "61664"]

1. f4 e5 2. fxe5 d6 3. exd6 Bxd6 4. Nf3 Nf6 5. d4 Ng4 6. Qd3 c5 7. Qe4+ Be7 8. Bg5 f6 9. Bd2 f5 10. Qd3 Nc6
11. dxc5 Bxc5 12. Qxd8+ Kxd8 13. Bg5+ Ke8 14. Bh4 Ne3 15. Kd2 f4 16. Na3 Be6 17. Kc1 Rc8 18. Bf2 Nb4 19. c3 Nxa2+ 20. Kb1 Bxa3
21. Rxa2 Bf5+ 22. Kc1 Rxc3+ 23. Kd2 Rc2+ 24. Ke1 Bb4+ 25. Nd2 Bxd2#
0-1

[Event "From Gambit - The answer to f4?"]
[Site "SchemingMind.com"]
[Date "2006.07.30"]
[Round "-"]
[White "crab hamster"]
[Black "Aumonde"]
[Result "1/2-1/2"]
[WhiteCountry "USA"]
[BlackCountry "USA"]
[WhiteElo "2088"]
[WhiteRD "98"]
[BlackElo "2167"]
[BlackRD "62"]
[GameID "61666"]

1. f4 e5 2. fxe5 d6 3. exd6 Bxd6 4. Nf3 g5 5. d4 g4 6. Ne5 Bxe5 7. dxe5 Qxd1+ 8. Kxd1 Be6 9. e4 Nd7 10. Bf4 Ne7
11. Nd2 Ng6 12. Be3 Ndxe5 13. Bb5+ Ke7 14. Bc5+ Kf6 15. Rf1+ Kg7 16. a4 Rhd8 17. Kc1 b6 18. Be3 f6 19. a5 Nh4 20. Rf2 Nhg6
21. Ra3 c5 22. Rf1 h6 23. g3 h5 24. b3 Bf7 25. c3 Ne7 26. Be2 N7c6 27. axb6 axb6 28. Rxa8 Rxa8 29. Kb2 Bg6 30. Ra1 Rxa1
31. Kxa1 Nd8 32. b4 Ndf7 33. bxc5 bxc5 34. Bxc5 Ng5 35. c4 Nxe4 36. Nxe4 Bxe4 37. Bd4 Kf7 38. Kb2 Bd3 39. Bxd3 Nxd3+ 40. Kc3 Ne1
41. c5 Ke6 42. c6 Kd6 43. Bxf6 Kxc6 44. Kd4 Nf3+=
1/2-1/2

[Event "From Gambit - The answer to f4?"]
[Site "SchemingMind.com"]
[Date "2006.07.30"]
[Round "-"]
[White "colonia"]
[Black "Aumonde"]
[Result "1-0"]
[WhiteCountry "GER"]
[BlackCountry "USA"]
[WhiteElo "2170"]
[WhiteRD "80"]
[BlackElo "2191"]
[BlackRD "64"]
[GameID "61667"]

1. f4 e5 2. fxe5 d6 3. exd6 Bxd6 4. Nf3 Nf6 5. d4 O-O 6. Nc3 Bb4 7. Qd3 Re8 8. Bg5 Qd6 9. e3 Ne4 10. Bf4 Bxc3+
11. bxc3 Qa3 12. Nd2 Qxc3 13. Qxc3 Nxc3 14. Bd3 Nc6 15. Kf2 Nd5 16. g3 Ncb4 17. e4 Nxf4 18. gxf4 Rd8 19. Ke3 f5 20. Nf3 fxe4
21. Bxe4 Nd5+ 22. Bxd5+ Rxd5 23. c4 Rd6 24. Rhb1 Re6+ 25. Ne5 Rh6 26. Rb2 Rh3+ 27. Ke4 g6 28. Kd5 Re3 29. a4 a5 30. Rab1 Bf5
31. Rxb7 Bxb1 32. Rxb1 Rh3 33. Kc6 Rxh2 34. Kxc7 Ra7+ 35. Rb7 Rxb7+ 36. Kxb7 Kf8 37. c5 Rb2+ 38. Ka7 Rd2 39. c6 Ke7 40. c7 Rc2
41. Kb7 Rb2+ 42. Kc8 Rc2 43. Nd3 Rc6 44. Nc5 h5 45. Nb7 Rxc7+ 46. Kxc7 Ke6 47. Kc6
1-0

[Event "From Gambit - The answer to f4?"]
[Site "SchemingMind.com"]
[Date "2006.08.04"]
[Round "-"]
[White "mikhailtal"]
[Black "Gambit13"]
[Result "0-1"]
[WhiteCountry "ENG"]
[BlackCountry "USA"]
[WhiteElo "1733"]
[WhiteRD "69"]
[BlackElo "1829"]
[BlackRD "104"]
[GameID "61913"]

1. f4 e5 2. fxe5 d6 3. exd6 Bxd6 4. Nf3 g5 5. g3 g4 6. Nh4 Ne7 7. Bg2 Ng6 8. Nxg6 hxg6 9. O-O Rxh2 10. Qe1 Rh7
11. d4 Nc6 12. Be3 Bf5 13. c3 Kd7 14. Qf2 Qh8 15. Nd2 Re8 16. Nc4 Be4 17. Nxd6 Bxg2 18. Qxg2 cxd6 19. Bg5 f5 20. Rae1 Rh5
21. Bc1 Re4 22. Rf4 Re7 23. b4 Reh7 24. Qd5 Rh1+ 25. Kf2 R7h2+
0-1

[Event "From Gambit - The answer to f4?"]
[Site "SchemingMind.com"]
[Date "2006.08.01"]
[Round "-"]
[White "mikhailtal"]
[Black "Aumonde"]
[Result "0-1"]
[WhiteCountry "ENG"]
[BlackCountry "USA"]
[WhiteElo "1805"]
[WhiteRD "67"]
[BlackElo "2133"]
[BlackRD "66"]
[GameID "61914"]

1. f4 e5 2. fxe5 d6 3. exd6 Bxd6 4. Nf3 Nf6 5. Nc3 Ng4 6. e4 Nxh2 7. d4 Bg3+ 8. Ke2 Bg4 9. Qd3 c5 10. Nd5 Nc6
11. dxc5 O-O 12. Bf4 Bxf4 13. Nxf4 Nxf3 14. Qxd8 Nfe5+
0-1

[Event "From Gambit - The answer to f4?"]
[Site "SchemingMind.com"]
[Date "2006.08.01"]
[Round "-"]
[White "mikhailtal"]
[Black "crab hamster"]
[Result "0-1"]
[WhiteCountry "ENG"]
[BlackCountry "USA"]
[WhiteElo "1805"]
[WhiteRD "67"]
[BlackElo "2039"]
[BlackRD "104"]
[GameID "61916"]

1. f4 e5 2. fxe5 d6 3. exd6 Bxd6 4. Nf3 Nf6 5. Nc3 O-O 6. e4 Re8 7. d3 Nc6 8. Bg5 h6 9. Bh4 Bg4 10. Be2 Bxf3
11. Bxf3 Nxe4 12. Nxe4 Qxh4+ 13. g3 Qh3 14. Qd2 f5
0-1

[Event "From Gambit - The answer to f4?"]
[Site "SchemingMind.com"]
[Date "2006.08.05"]
[Round "-"]
[White "mikhailtal"]
[Black "colonia"]
[Result "0-1"]
[WhiteCountry "ENG"]
[BlackCountry "GER"]
[WhiteElo "1752"]
[WhiteRD "67"]
[BlackElo "2107"]
[BlackRD "89"]
[GameID "61917"]

1. f4 e5 2. fxe5 d6 3. exd6 Bxd6 4. Nf3 g5 5. g3 g4 6. Nh4 Ne7 7. d4 Ng6 8. Nxg6 hxg6 9. Bg2 Rxh2 10. Rxh2 Bxg3+
11. Kf1 Bxh2 12. Be3 Qf6+ 13. Ke1 Nc6 14. Qd3 Bd7 15. Nc3 O-O-O 16. Kd2 Bf5 17. Ne4 Qe7 18. Bg5 Qb4+ 19. Qc3 Rxd4+
0-1

[Event "From Gambit - The answer to f4?"]
[Site "SchemingMind.com"]
[Date "2006.08.01"]
[Round "-"]
[White "Gambit13"]
[Black "mikhailtal"]
[Result "1-0"]
[WhiteCountry "USA"]
[BlackCountry "ENG"]
[WhiteElo "1852"]
[WhiteRD "123"]
[BlackElo "1752"]
[BlackRD "67"]
[GameID "61918"]

1. f4 e5 2. fxe5 d6 3. exd6 Bxd6 4. Nf3 g5 5. g3 g4 6. Nh4 Ne7 7. d4 Nbc6 8. c3 Ng6 9. Ng2 Be6 10. e4 Bd7
11. Bd3 Be7 12. O-O Bg5 13. Bxg5 Nce7 14. Bxe7 Qxe7 15. Nd2 O-O-O 16. Qb3 Rdf8 17. e5 h5 18. Bxg6 fxg6 19. Rxf8+
1-0

[Event "From Gambit - The answer to f4?"]
[Site "SchemingMind.com"]
[Date "2006.08.01"]
[Round "-"]
[White "Aumonde"]
[Black "mikhailtal"]
[Result "1-0"]
[WhiteCountry "USA"]
[BlackCountry "ENG"]
[WhiteElo "2167"]
[WhiteRD "62"]
[BlackElo "1752"]
[BlackRD "67"]
[GameID "61919"]

1. f4 e5 2. fxe5 d6 3. exd6 Bxd6 4. Nf3 g5 5. g3 Nc6 6. Bg2 h5 7. d4 g4 8. Ng5 Nxd4 9. O-O Nf5 10. Qd5 Ngh6
11. Ne4 c6 12. Nxd6+ Qxd6 13. Qxd6 Nxd6 14. Bf4 Nc4 15. b3 Nb6 16. Nc3 Be6 17. Ne4 Nf5 18. Nf6+ Ke7 19. Bg5 Kf8 20. Rad1 h4
21. e4 h3 22. exf5 hxg2 23. Rf4 Nd5 24. Rf2 Nxf6 25. Bxf6
1-0

[Event "From Gambit - The answer to f4?"]
[Site "SchemingMind.com"]
[Date "2006.08.01"]
[Round "-"]
[White "crab hamster"]
[Black "mikhailtal"]
[Result "1-0"]
[WhiteCountry "USA"]
[BlackCountry "ENG"]
[WhiteElo "2088"]
[WhiteRD "98"]
[BlackElo "1752"]
[BlackRD "67"]
[GameID "61921"]

1. f4 e5 2. fxe5 d6 3. exd6 Bxd6 4. Nf3 g5 5. d4 g4 6. Ne5 Bxe5 7. dxe5 Qxd1+ 8. Kxd1 Nc6 9. e4 Be6 10. Bf4 Nge7
11. Bb5 O-O-O+ 12. Nd2 Nb8 13. Bg5 Rxd2+ 14. Kxd2 Ng6 15. Bf6 Rg8 16. Rhf1 c6 17. Be2 Nd7 18. b3 Ndxe5 19. Rad1 g3 20. hxg3 Nd7
21. Bg5 Nge5 22. Bf4 Ng4 23. Kc1 Ndf6 24. Rd4 Nh5 25. Bd6 Ne3 26. Rf3 Ng4 27. Rc3 Nhf6 28. b4 Nf2 29. Bf4 N2xe4 30. Rxc6+
1-0

[Event "From Gambit - The answer to f4?"]
[Site "SchemingMind.com"]
[Date "2006.08.01"]
[Round "-"]
[White "colonia"]
[Black "mikhailtal"]
[Result "1-0"]
[WhiteCountry "GER"]
[BlackCountry "ENG"]
[WhiteElo "2107"]
[WhiteRD "89"]
[BlackElo "1752"]
[BlackRD "67"]
[GameID "61922"]

1. f4 e5 2. fxe5 d6 3. exd6 Bxd6 4. Nf3 g5 5. d4 g4 6. Ne5 Bxe5 7. dxe5 Qxd1+ 8. Kxd1 Nc6 9. Bf4 Nge7 10. e3 Be6
11. Nd2 Ng6 12. Bb5 Ne7 13. Bg5 Kf8 14. Ne4 Nxe5 15. Bf6 N7g6 16. Bxh8 Nxh8 17. Nc5
1-0